Statistics for Grand Theft Auto: Years Quiz

Click here to take the quiz!

General Stats

  • This quiz has been taken 124 times
  • The average score is 10 of 15

Answer Stats

GameYear Set In% Correct
GTA V2013
82%
GTA1997
81%
GTA IV2008
81%
GTA Online2013
78%
GTA III2001
75%
GTA San Andreas1992
73%
GTA London1961/1969
71%
GTA The Lost and Damned2009
70%
GTA Vice City1986
69%
GTA The Ballad of Gay Tony2009
69%
GTA Chinatown Wars2009
63%
GTA Vice City Stories1984
57%
GTA Liberty City Stories1998
55%
GTA Advance2000
37%
GTA 22013
31%

Score Distribution

Percentile by Number Answered

Percent of People with Each Score

Your Score History

You have not taken this quiz